The thirteen problems / (Record no. 4852)
[ view plain ]
| 000 -LEADER | |
|---|---|
| fixed length control field | 00965 a2200217 4500 |
| 020 ## - INTERNATIONAL STANDARD BOOK NUMBER | |
| International Standard Book Number | 0006162746 |
| 082 00 - DEWEY DECIMAL CLASSIFICATION NUMBER | |
| Classification number | 823.912 |
| 090 ## - LOCALLY ASSIGNED LC-TYPE CALL NUMBER (OCLC); LOCAL CALL NUMBER (RLIN) | |
| -- | 882 |
| -- | 882 |
| 100 1# - MAIN ENTRY--PERSONAL NAME | |
| Personal name | Christie, Agatha, |
| 245 14 - TITLE STATEMENT | |
| Title | The thirteen problems / |
| Statement of responsibility, etc. | Agatha Christie. |
| 250 ## - EDITION STATEMENT | |
| Edition statement | Berkley ed. |
| 260 ## - PUBLICATION, DISTRIBUTION, ETC. | |
| Place of publication, distribution, etc. | New York : |
| Name of publisher, distributor, etc. | Berkley Books, |
| Date of publication, distribution, etc. | 1984. |
| 300 ## - PHYSICAL DESCRIPTION | |
| Extent | 212 p. ; |
| Dimensions | 18 cm. |
| 500 ## - GENERAL NOTE | |
| General note | "Also published as The Tuesday Club murders." |
| 500 ## - GENERAL NOTE | |
| General note | Source: Copyright deposit, Oct. 15, 1991. |
| 505 0# - FORMATTED CONTENTS NOTE | |
| Formatted contents note | The Tuesday night club -- The idol house of Astarte -- Ingots of gold -- The blood stained pavement -- Motive v. opportunity -- The thumb mark of St. Peter -- The blue geranium -- The companion -- The four suspects -- A Christmas tragedy -- The herb of death -- The affair at the bungalow -- Death by drowning. |
| 650 #0 - SUBJECT ADDED ENTRY--TOPICAL TERM | |
| Topical term or geographic name entry element | Detective and mystery stories, English. |
| 710 2# - ADDED ENTRY--CORPORATE NAME | |
| Corporate name or jurisdiction name as entry element | Berkley Books. |
| 710 2# - ADDED ENTRY--CORPORATE NAME | |
| Corporate name or jurisdiction name as entry element | Copyright Paperback Collection (Library of Congress) |
| 942 ## - ADDED ENTRY ELEMENTS (KOHA) | |
| Koha item type | Book |
| Call number prefix | 823.912 CHR |
| Withdrawn status | Lost status | Damaged status | Not for loan | Collection code | Permanent Location | Current Location | Shelving location | Date acquired | Source of acquisition | Cost, normal purchase price | Total Checkouts | Total Renewals | Full call number | Barcode | Date last seen | Date last checked out | Price effective from | Koha item type |
|---|---|---|---|---|---|---|---|---|---|---|---|---|---|---|---|---|---|---|
| Central Library (CL) | Central Library (CL) | Fiction | 12/28/2021 | Saeed Book Bank | 175.50 | 4 | 3 | 823.912 CHR | SEECS005178 | 01/29/2023 | 08/29/2022 | 07/15/2014 | Book |
